Statistics for Kylie Minogue: Complete Discography

Click here to take the quiz!

General Stats

  • This quiz has been taken 25 times
    (2 since last reset)
  • The average score is 159 of 305

Answer Stats

AlbumSong% Correct
X2 Hearts
100%
Body LanguageAfter Dark
100%
XAll I See
100%
AphroditeAphrodite
100%
Disco (Bonus)A Second to Midnight
100%
Light YearsBittersweet Goodbye
100%
Fever (Bonus)Boy
100%
FeverBurning Up
100%
Light YearsButterfly
100%
FeverCan't Get You Out of My Head
100%
Kylie MinogueConfide in Me
100%
XCosmic
100%
Impossible PrincessCowboy Style
100%
FeverDancefloor
100%
GoldenDancing
100%
Kylie MinogueDangerous Game
100%
Impossible PrincessDid it Again
100%
Light YearsDisco Down
100%
Impossible PrincessDreams
100%
Tension (Bonus)Drum
100%
Enjoy YourselfEnjoy Yourself
100%
FeverFever
100%
Kiss Me OnceFine
100%
Let's Get to ItFiner Feelings
100%
AphroditeGet Outta My Way
100%
FeverGive It to Me
100%
Ultimate KylieGiving You Up
100%
Enjoy YourselfHand on Your Heart
100%
TensionHands
100%
TensionHold on to Now
100%
Ultimate KylieI Believe in You
100%
Impossible PrincessI Don't Need Anyone
100%
Body LanguageI Feel For You
100%
Let's Get to ItIf You Were with Me Now
100%
XIn My Arms
100%
Kiss Me OnceInto the Blue
100%
KylieI Should Be So Lucky
100%
KylieJe ne sais pas pourquoi
100%
Impossible PrincessJump
100%
Kiss Me OnceKiss Me Once
100%
Light YearsKoocachoo
100%
Kiss Me OnceLes Sex
100%
Let's Get to ItLet's Get to It
100%
Light YearsLight Years
100%
XLike a Drug
100%
Impossible PrincessLimbo
100%
GoldenLove
100%
FeverLove Affair
100%
Fever | KylieLove at First Sight
100%
Light YearsLoveboat
100%
Body LanguageLoving Days
100%
Kiss Me OnceMillion Miles
100%
FeverMore More More
100%
Kiss Me Once (Bonus)Mr President
100%
Step Back in Time: The Definitive CollectionNew York City
100%
XNo More Rain
100%
Body LanguageObsession
100%
Light YearsOn a Night Like This
100%
Rhythm of LoveOne Boy Girl
100%
TensionPadam Padam
100%
Light Years (Bonus)Password
100%
Light YearsPlease Stay
100%
Body LanguagePromises
100%
AphroditePut Your Hands Up (If You Feel Love)
100%
DiscoReal Groove
100%
Rhythm of LoveRhythm of Love
100%
Body LanguageSecret (Take You Home)
100%
Kiss Me OnceSexercize
100%
Kiss Me OnceSexy Love
100%
Rhythm of LoveShocked
100%
Body LanguageSlow
100%
Tension (Bonus)Somebody to Love
100%
Body LanguageSomeday
100%
Impossible PrincessSome Kind of Bliss
100%
XSpeakerphone
100%
Light YearsSpinning Around
100%
Disco (Bonus)Spotlight
100%
XStars
100%
Rhythm of LoveStep Back in Time
100%
Body LanguageStill Standing
100%
TensionStory
100%
DiscoSupernova
100%
Kylie MinogueSurrender
100%
Impossible Princess (Bonus)Tears
100%
Enjoy YourselfTears on My Pillow
100%
TensionTension
100%
KylieThe Loco-Motion
100%
XThe One
100%
TensionThings We Do for Love
100%
Impossible Princess (Bonus)This Girl
100%
Impossible PrincessThrough the Years
100%
Rhythm of LoveWhat Do I Have to Do
100%
Let's Get to ItWord Is Out
100%
Light YearsYour Disco Needs You
100%
Tension10 Out of 10
50%
GoldenA Lifetime to Repair
50%
AphroditeAll the Lovers
50%
Rhythm of LoveAlways Find the Time
50%
Kylie Christmas (Bonus)At Christmas
50%
Kylie MinogueAutomatic Love
50%
Kiss Me OnceBeautiful
50%
AphroditeBetter than Today
50%
Rhythm of LoveBetter the Devil You Know
50%
BoomboxBoombox
50%
Body Language (Bonus)B.P.M.
50%
Impossible PrincessBreathe
50%
AphroditeCan't Beat the Feeling
50%
Disco (Bonus)Can't Stop Writing Songs About You
50%
X (Bonus)Carried Away
50%
DiscoCelebrate You
50%
X (Bonus)Cherry Bomb
50%
Body LanguageChocolate
50%
Body Language (Bonus)City Games
50%
Aphrodite | Let's Get to It (Bonus)Closer
50%
FeverCome into My World
50%
Rhythm of LoveCount the Days
50%
Body Language (Bonus)Cruise Control
50%
SinglesCrystallize
50%
AphroditeCupid Boy
50%
Duets / CollaborationsDance Alone
50%
DiscoDance Floor Darling
50%
Hits+Difficult by Design
50%
X (Bonus)Do It Again
50%
FeaturesDo They Know It's Christmas
50%
Impossible PrincessDrunk
50%
Duets / CollaborationsEspecially for You
50%
Kylie ChristmasEvery Day's Like Christmas
50%
Golden (Bonus)Every Little Part of Me
50%
AphroditeEverything Is Beautiful
50%
Kylie MinogueFalling
50%
Kiss Me OnceFeels So Good
50%
The Abbey Road SessionsFlower
50%
FeverFragile
50%
FeaturesGBI (German Bold Italic)
50%
Let's Get to ItGive Me Just a Little More Time
50%
GoldenGolden
50%
KylieGot to Be Certain
50%
TensionGreen Light
50%
XHeart Beat Rock
50%
Enjoy YourselfHeaven and Earth
50%
Disco (Bonus)Hey Lonely
50%
FeaturesHigher
50%
Kylie MinogueIf I Was Your Lover
50%
Kiss Me OnceIf Only
50%
Kylie Minogue (Bonus)If You Don't Love Me
50%
DiscoI Love It
50%
KylieI Miss You
50%
Enjoy YourselfI'm Over Dreaming (Over You)
50%
Light YearsI'm So High
50%
Duets / CollaborationsIn Denial
50%
FeverIn Your Eyes
50%
KylieIt's No Secret
50%
Kiss Me OnceI Was Gonna Cancel
50%
Tension (Bonus)Just Imagine
50%
Light YearsKids
50%
X (Bonus)King or Queen
50%
Disco (Bonus)Kiss of Life
50%
GoldenLive a Little
50%
AphroditeLooking for an Angel
50%
KylieLook My Way
50%
Golden (Bonus)Lost Without You
50%
Tension (Bonus)Love Train
50%
Golden (Bonus)Low Blow
50%
Kylie (Bonus)Made in Heaven
50%
Ultimate KylieMade of Glass
50%
DiscoMagic
50%
Aphrodite (Bonus)Mighty Rivers
50%
DiscoMiss a Thing
50%
DiscoMonday Blues
50%
GoldenMusic's Too Sad Without You
50%
Enjoy YourselfMy Secret Heart
50%
Enjoy YourselfNever Too Late
50%
Kylie Minogue (Bonus)Nothing Can Stop Us
50%
Enjoy YourselfNothing to Lose
50%
XNu-di-ty
50%
GoldenOne Last Kiss
50%
TensionOne More Time
50%
Light Years (Bonus)Paper Dolls
50%
Kylie MinoguePut Yourself in My Place
50%
GoldenRadio On
50%
GoldenRaining Glitter
50%
FeaturesReally Don't Like U
50%
Body LanguageRed Blooded Woman
50%
Golden (Bonus)Rollin'
50%
DiscoSay Something
50%
Rhythm of LoveSecrets
50%
XSensitized
50%
GoldenShelby '68
50%
GoldenSincerely Yours
50%
Kiss Me Once (Bonus)Sleeping with the Enemy
50%
Light YearsSo Now Goodbye
50%
Body Language (Bonus)Soul on Fire
50%
FeaturesStarstruck
50%
GoldenStop Me from Falling
50%
Body LanguageSweet Music
50%
Impossible Princess (Bonus)Take Me With You
50%
Enjoy YourselfTell Tale Signs
50%
FeaturesThe Other Boys
50%
Rhythm of LoveThe World Still Turns
50%
Rhythm of LoveThings Can Only Get Better
50%
Fever (Bonus)Tightrope
50%
Disco (Bonus)Till You Love Somebody
50%
Kylie MinogueTime Will Pass You By
50%
Impossible PrincessToo Far
50%
AphroditeToo Much
50%
Let's Get to ItToo Much of a Good Thing
50%
KylieTurn It into Love
50%
Light YearsUnder the Influence of Love
50%
DiscoUnstoppable
50%
TensionVegas High
50%
DiscoWhere Does the DJ Go?
50%
Kylie MinogueWhere Has the Love Gone?
50%
Greatest HitsWhere in the World?
50%
Kylie MinogueWhere Is the Feeling?
50%
X (Bonus)White Diamond
50%
Enjoy YourselfWouldn't Change a Thing
50%
XWow
50%
Body Language (Bonus)You Make Me Feel
50%
FeverYour Love
50%
TensionYou Still Get Me High
50%
Kylie Christmas (Bonus)100 Degrees
0%
SinglesAbsolutely Anything and Anything at All
0%
Duets / CollaborationsAll I Wanna Do Is Make You Mine
0%
Body Language (Bonus)Almost a Lover
0%
Kylie + GaribayBlack and White
0%
SleepwalkerBreak This Heartbreak
0%
Duets / CollaborationsBury Me Deep in Love
0%
SleepwalkerChasing Ghosts
0%
SoundtracksChiggy Wiggy
0%
Kylie ChristmasChristmas Isn't Christmas 'Til You Get Here
0%
Light Years (Bonus)Cover Me with Kisses
0%
FeaturesCrave You (Reprise)
0%
Kylie Christmas (Bonus)Cried Out Christmas
0%
FeaturesDeath Is Not the End
0%
FeaturesDevotion
0%
Let's Get to It (Bonus)Do You Dare?
0%
Duets / CollaborationsEverybody Hurts
0%
Disco (Bonus)Fine Wine
0%
Kylie (Bonus)Getting Closer
0%
FeaturesG-House Project
0%
Kylie (Bonus)Glad to Be Alive
0%
SleepwalkerGlow
0%
Aphrodite (Bonus)Go Hard or Go Home
0%
Kiss Me Once (Bonus)Golden Boy
0%
Light Years (Bonus)Good Life
0%
Fever (Bonus)Good Like That
0%
Hits+Gotta Move On
0%
Fever (Bonus)Harmony
0%
Aphrodite (Bonus)Heartstrings
0%
Tension (Bonus)Heavenly Body
0%
Rhythm Of Love (Bonus)I Am the One for You
0%
X (Bonus)I Don't Know What It Is
0%
Kylie + GaribayIf I Can't Have You
0%
Let's Get to ItI Guess I Like It Like That
0%
KylieI'll Still be Loving You
0%
AphroditeIllusion
0%
FeaturesI Talk Too Much
0%
Enjoy Yourself (Bonus)Just Wanna Love You
0%
Let's Get to It (Bonus)Keep on Pumpin' It
0%
DiscoLast Chance
0%
SoundtracksLazy
0%
SinglesLhuna
0%
FeaturesLimpido
0%
Let's Get to ItLive and Learn
0%
Kylie Minogue (Bonus)Love Is Waiting
0%
Impossible Princess (Bonus)Love Takes Over Me
0%
X (Bonus)Magnetic Electric
0%
SinglesMatesong
0%
FeaturesMonkey Man
0%
Fever (Bonus)Never Spoken
0%
Let's Get to ItNo World Without You
0%
Light Years (Bonus)Ocean Blue
0%
SoundtracksOff with His Shirt
0%
Kylie Christmas (Bonus)Oh Santa
0%
FeaturesOn oublie le reste
0%
Light Years (Bonus)Physical
0%
Fever (Bonus)Rendezvous at Sunset
0%
Features | Let's Get to ItRight Here, Right Now
0%
X (Bonus)Rippin' Up the Disco
0%
Impossible PrincessSay Hey
0%
Let's Get to It (Bonus)Say the Word - I'll Be There
0%
Aphrodite (Bonus)Silence
0%
SinglesSkirt
0%
Body Language (Bonus)Slow Motion
0%
FeaturesSometime Samurai
0%
Kiss Me Once (Bonus)Sparks
0%
Hits+Stay This Way
0%
FeaturesStill Feels Like the First Time
0%
SoundtracksThe Magic Roundabout
0%
SoundtracksThe Real Thing
0%
SoundtracksThe Winner Takes It All
0%
SinglesTimebomb
0%
SleepwalkerWait
0%
SinglesWe Are One
0%
Enjoy Yourself (Bonus)We Know the Meaning of Love
0%
Greatest HitsWhat Kind of Fool (Heard All That Before)
0%
FeaturesWhat You Waiting For
0%
Fever (Bonus)Whenever You Feel Like It
0%
FeaturesWhere the Wild Roses Grow
0%
SoundtracksWhistle
0%
Kylie ChristmasWhite December
0%
Kylie + GaribayYour Body
0%

Score Distribution

Percentile by Number Answered

Percent of People with Each Score

Your Score History

You have not taken this quiz since the last reset